مكتبة جامعة عجلون الوطنية

فهرس بحث المكتبة

اثر المسؤولية المدنية للصيرفة عبر الهاتف المحمول وحجية اثبات مستخرجاتها = The Civil Liability of Mobile Banking and the Authenticity of Proving its Rreturns / (Record no. 33390)

MARC details
000 -LEADER
fixed length control field 01000nam a22001817a 4500
003 - CONTROL NUMBER IDENTIFIER
control field JO-AjAnu
005 - DATE AND TIME OF LATEST TRANSACTION
control field 20240605122158.0
008 - FIXED-LENGTH DATA ELEMENTS--GENERAL INFORMATION
fixed length control field 240402b jo ||||| |||| 00| 0 ara d
040 ## - CATALOGING SOURCE
Original cataloging agency JO-AjAnu
Transcribing agency JO-AjAnu
041 #0 - LANGUAGE CODE
Language code of text/sound track or separate title ara
100 #1 - MAIN ENTRY--PERSONAL NAME
Personal name عبد الرحمن، شيماء عبدالله احمد
9 (RLIN) 65228
Relator term معد
245 #0 - TITLE STATEMENT
Title اثر المسؤولية المدنية للصيرفة عبر الهاتف المحمول وحجية اثبات مستخرجاتها = The Civil Liability of Mobile Banking and the Authenticity of Proving its Rreturns /
Statement of responsibility, etc. اعداد شيماء عبدالله احمد بني عبد الرحمن ؛ اشراف احمد فهد محمد البطوش
260 ## - PUBLICATION, DISTRIBUTION, ETC.
Date of publication, distribution, etc. 2023
300 ## - PHYSICAL DESCRIPTION
Extent 81ورقة
500 ## - GENERAL NOTE
General note رسالة جامعية (ماجستير) .- جامعة عجلون الوطنية (عجلون، الأردن)، كلية الحقوق ، قسم القانون، 2023<br/>
700 #1 - ADDED ENTRY--PERSONAL NAME
Personal name البطوش، احمد فهد محمد
Relator term مشرف
9 (RLIN) 65230
942 ## - ADDED ENTRY ELEMENTS (KOHA)
Source of classification or shelving scheme Library of Congress Classification
Koha item type Thesis
Suppress in OPAC No
Holdings
Withdrawn status Lost status Source of classification or shelving scheme Damaged status Not for loan Home library Current library Date acquired Total Checkouts Full call number Barcode Date last seen Price effective from Koha item type
    Library of Congress Classification     مكتبة جامعة عجلون الوطنية مكتبة جامعة عجلون الوطنية 02/04/2024   K1060.8.2023 A29599 02/04/2024 02/04/2024 Thesis
    Library of Congress Classification     مكتبة جامعة عجلون الوطنية مكتبة جامعة عجلون الوطنية 02/04/2024   K1060.8.2023 A29598 02/04/2024 02/04/2024 Thesis